000 00412nam a2200181Ia 4500
005 20250603145808.0
008 250603s9999 xx 000 0 und d
020 _a9789350145920
050 _aTA 549 .S28/
100 _aSoni, Saurabh Kumar
245 0 _aSurveying - I
260 _aNew Delhi
260 _bS.K. Kataria & Sons
260 _c2016
300 _a363 p
650 _aNew Delhi
942 _cBK
999 _c42881
_d42881